NFL Mock Draft 2021 (Rounds 1+2) - Statistics

General Stats
  • This quiz has been taken 106 times
  • The average score is 38 of 64
Answer Stats
Pick Team Player Position College % Correct
2 Jets Zach Wilson QB BYU
97%
1 Jaguars Trevor Lawrence QB Clemson
96%
11 Bears (via NYG) Mac Jones QB Alabama
94%
3 49ers Trey Lance QB North Dakota St.
94%
13 Chargers DeVonta Smith WR Alabama
93%
6 Dolphins Ja’Marr Chase WR LSU
93%
8 Panthers Justin Fields QB Ohio State
93%
4 Falcons Kyle Pitts TE Florida
93%
15 Patriots Jaylen Waddle WR Alabama
92%
5 Bengals Penei Sewell OT Oregon
89%
10 Cowboys Patrick Surtain II CB Alabama
87%
12 Eagles Jaycee Horn CB South Carolina
85%
7 Lions Micah Parsons OLB Penn State
85%
9 Broncos Rashawn Slater OT Northwestern
85%
14 Vikings Alijah Vera-Tucker OT USC
80%
24 Steelers Najee Harris RB Alabama
80%
16 Cardinals Caleb Farley CB Virginia Tech
77%
22 Titans Rashod Bateman WR Minnesota
76%
17 Raiders Christian Darrisaw OT Virginia Tech
75%
37 Eagles Kadarius Toney WR Florida
75%
21 Packers (via IND) Greg Newsome II CB Northwestern
73%
18 Dolphins Kwity Paye EDGE Michigan
73%
27 Ravens Jaelan Phillips EDGE Miami
72%
26 Browns Jamin Davis LB Kentucky
72%
43 49ers Travis Etienne RB Clemson
72%
36 Dolphins Javonte Williams RB North Carolina
70%
19 Football Team Zaven Collins LB Tulsa
70%
38 Bengals Elijah Moore WR Ole Miss
68%
32 Buccaneers Gregory Rousseau EDGE Miami
68%
30 Falcons (via BUF) Jayson Oweh EDGE Penn State
65%
23 Jets Creed Humphrey C Oklahoma
61%
50 Dolphins Landon Dickerson C Alabama
61%
42 Giants Christian Barmore DT Alabama
59%
31 Jaguars (via KC) Alex Leatherwood OT Alabama
58%
41 Lions Asante Samuel Jr. CB Florida State
58%
20 Giants (via CHI) Azeez Ojulari EDGE Georgia
58%
28 Saints Eric Stokes CB Georgia
58%
40 Broncos Nick Bolton LB Missouri
56%
39 Panthers Trevon Moehrig S TCU
56%
46 Patriots Jeremiah Owusu-Koramoah LB Notre Dame
55%
58 Ravens Terrance Marshall Jr. WR LSU
55%
25 Chiefs (via JAX) Teven Jenkins OT Oklahoma State
55%
29 Colts (via GB) Sam Cosmi OT Texas
51%
44 Cowboys Jalen Mayfield OT Michigan
48%
48 Raiders Jevon Holland S Oregon
48%
51 Football Team Dillon Radunz OT North Dakota St.
45%
34 Jets Joe Tryon EDGE Washington
45%
62 Packers Liam Eichenberg OT Notre Dame
45%
60 Saints Amon-Ra St. Brown WR USC
44%
33 Jaguars Pat Friermuth TE Penn State
42%
64 Buccaneers Michael Carter RB North Carolina
41%
49 Cardinals Tutu Atwell WR Louisville
37%
45 Jaguars Carlos Basham Jr. DE Wake Forest
34%
63 Chiefs Quinn Meinerz C Wisconsin-Whitewater
34%
47 Chargers Tyson Campbell CB Georgia
28%
55 Steelers Levi Onwuzurike DT Washington
27%
56 Seahawks Ifeatu Melifonwu CB Syracuse
24%
57 Rams Aaron Robinson CB UCF
21%
59 Browns Alim McNeill DT NC State
21%
35 Bills (via Falcons) Ronnie Perkins EDGE Oklahoma
20%
54 Colts Hamsah Nasirildeen S Florida State
18%
53 Titans Hunter Long TE Boston College
18%
52 Bears Daviyon Nixon DT Iowa
17%
61 Bills Elijah Molden CB Washington
13%
No matching quizzes found
Score Distribution
Percent of People with Each Score
Percentile by Number Answered
Your Score History
You have not taken this quiz